000 00633nam a2200253Ia 4500
005 20250425160734.0
008 250425s9999 xx 000 0 und d
020 _a8426707491
041 _aspa
043 _asp
082 _a621.3815
100 _aWEISKE, WOLFGANG
245 0 _aCURVAS CARACTERISTICAS DEL TIRISTOR: ENSEÑANZA PROGRAMADA EP 26
250 _a1A ED.
260 _aBARCELONA
260 _aEspaña
_bMARCOMBO
_c1989
300 _a62
650 _aCONTROL ELECTRONICO
650 _aELECTRONICA DE POTENCIA
650 _aENSEÑANZA PROGRAMADA
650 _aTIRISTORES
942 _c01
010 _a3945
999 _c195195
_d195195